Riconosci le squadre di calcio italiane dalla foto - Statistics

Statistiche generali
  • Questo quiz è stato fatto 382 volte
  • Il punteggio medio è 48 su 62
Statistiche sulle risposte
con Immagini Risposta % Corretto
Bologna
96%
Sampdoria
96%
Internazionale
93%
Sassuolo
93%
Torino
93%
Empoli
92%
Milan
92%
Atalanta
91%
Catania
91%
Genoa
91%
Juventus
91%
Palermo
91%
Roma
91%
Salernitana
91%
Udinese
91%
Fiorentina
90%
Napoli
90%
Lazio
89%
Monza
87%
Parma
87%
SPAL
87%
Ascoli
86%
Chievo Verona
86%
Cremonese
86%
Bari
85%
Benevento
85%
Frosinone
85%
Lecce
85%
Reggina
85%
Brescia
83%
Cagliari
83%
Venezia
83%
Crotone
81%
Pisa
81%
Ternana
81%
Padova
79%
Spezia
79%
Como
77%
Cittadella
76%
Foggia
75%
Perugia
74%
Carpi
73%
Avellino
72%
Livorno
72%
Novara
72%
Siena
72%
Modena
71%
Catanzaro
68%
Hellas Verona
67%
Reggiana
67%
Pro Vercelli
66%
Messina
63%
Vicenza
62%
Piacenza
56%
Lecco
54%
Alessandria
52%
Mantova
50%
Varese
47%
Ancona
37%
Treviso
31%
Triestina
30%
Pistoiese
20%
Nessun quiz corrispondente trovato
Distribuzione punteggi
Percentuale di utenti per punteggio
Percentile per numero di risposta
I tuoi punteggi nel tempo
Non hai fatto questo quiz